| 000 | 00647nam a2200217 i 4500 | ||
|---|---|---|---|
| 001 | 65665 | ||
| 003 | ES-MaACL | ||
| 005 | 20250829112153.0 | ||
| 007 | t| | ||
| 008 | 040120s1971 sp ||||1| spa d | ||
| 100 | 1 |
_aFroment-Meurice, Gabreille. _952725 |
|
| 245 | 1 | 3 |
_aLa vida soviética / _cpor Gabrielle Froment-Meurice ; [traducción de Eduardo Pons]. |
| 250 | _a[1ª ed.]. | ||
| 260 |
_aVilassar de Mar : _bOikos-Tau, _c[1971] |
||
| 300 |
_a110 p. ; _c18 cm. |
||
| 490 | 1 | _a¿Qué sé? | |
| 700 | 1 |
_aPons, Eduard. _992985 |
|
| 830 | 0 |
_a¿Qué sé? _9181382 |
|
| 852 |
_aES-MaACL _jC-46056 _bR.80548 |
||
| 999 |
_c65665 _d65665 |
||